Paul and Peter (Record no. 6397)

MARC details
000 -LEADER
fixed length control field 00628nam a2200241 a 4500
020 ## - INTERNATIONAL STANDARD BOOK NUMBER
ISBN 0900164
082 00 - DEWEY DECIMAL CLASSIFICATION NUMBER
Classification number 227.4
Author Cutter CRA
100 ## - MAIN ENTRY--AUTHOR NAME
Author name Cragg, Kenneth
245 ## - TITLE STATEMENT
Title Paul and Peter
Sub title Meeting in Jerusalem.
260 ## - PUBLICATION, DISTRIBUTION, ETC. (IMPRINT)
Place of publication London
Name of publisher SCM Press
Year of publication 1980
300 ## - PHYSICAL DESCRIPTION
Number of Pages 96p
500 ## - GENERAL NOTE
General note includes index and biblioraphy
505 2# - FORMATTED CONTENTS NOTE
Formatted contents note 1.Muharram Namah 2. Hilal-E-Matam
650 ## - SUBJECT ADDED ENTRY--TOPICAL TERM
Topical Term Bible N.T. Epistles of Paul
942 ## - ADDED ENTRY ELEMENTS (KOHA)
Koha item type Books
700 1# -
-- Cragg, Kenneth
Holdings
Collection code Home library Current library Date acquired Cost, normal purchase price Full call number Accession Number Koha item type
  Henry Martyn Institute Library Henry Martyn Institute Library 06/21/2007 117.25 227.4 CRA 011554 Books
                   Copyright © 2026 | Henry Martyn Institute | Hyderabad | TS-500052 | INDIA | Implemented by hmi.edu.in
Hit-Count:

Powered by Koha